| 000 | 01794nam0a22002771 4500 | ||
|---|---|---|---|
| 001 | rc\3768805 | ||
| 005 | 20250530043116.0 | ||
| 021 |
_aRU _bРг12476-75 |
||
| 021 |
_aRU _b75-72152 |
||
| 035 | _a(NLR Aleph) 007219325 | ||
| 090 |
_a7692548 _c7692548 |
||
| 100 | _a20120127d1975 |||y0rusy50 ca | ||
| 101 | 0 | _arus | |
| 102 | _aRU | ||
| 105 | _ay z ||||| | ||
| 200 | 1 |
_aРекомендации межотраслевой научно-технической конференции "Анализ и прогноз в системах управления" (г. Брест, 29-30 мая 1975 г.) _fБелорус. НИИ науч.-техн. информации и техн.-экон. исследований Госплана БССР. Комис. по прогнозированию больших систем Ком. по прикл. методам математики и вычислит. техники ВСНТО. Белорус. территор. секция Науч. совета АН СССР по комплексной проблеме "Оптим. планирование и упр. нар. хоз-вом". Моск. авиац. ин-т им. Орджоникидзе. Белорус. респ. совет НТО. Белорус. гос. ин-т нар. хоз-ва им. В.В. Куйбышева |
|
| 210 |
_aМинск _cБ. и. _d1975 |
||
| 215 |
_a6 с. _d20 |
||
| 309 | _aБез тит. л. и обл. | ||
| 710 | 1 | 2 |
_a"Анализ и прогноз в системах управления", межотраслевая научно-техническая конференция _eБрест _f1975 _9811779 _3RU\NLR\AUTH\880572756 |
| 801 | 0 |
_aRU _bNLR _gpsbo |
|
| 801 | 1 |
_aRU _bELAR _2rusmarc |
|
| 852 |
_aNLR _j75-4/15087 |
||
| 942 | _cBOOK | ||
| 980 | _aNB | ||